000 00731nam a2200205Ia 4500
003 GCL
008 140319s9999 xx 000 0 ara d
040 _aGCL /
_cGCL
082 0 4 _a891.7
_bا ن
100 1 _aلطفى عبدالبديع
245 1 0 _aنيكيتا (اول مواليد البلدة)(هدية من الاديب عبدالفتاح الجمل) /
_cلطفى عبدالبديع
700 1 _aاسبنسكايا، يلينا
300 _a55 ص
490 _aمطبوعات الشرق
_v0
650 0 4 _aالقصص الروسية المترجمة
650 0 4 _aالقصص الروسية
650 0 4 _aالادب الروسى المترجم
650 0 4 _aالادب العالمى المترجم
942 _2ddc
_cBK
999 _c47654
_d47654